00193nam a2200073Ia 4500008004100000050002600041100001700067245003500084230915s9999 xx 000 0 und d aPL 8702. T36 2003 V.2 aKIMANI NJOGU 0aTANZU LA LUGHA KIDATO CHA PILI